El Cacao en la economía colonial de Costa Rica /

Spremljeno u:
Bibliografski detalji
Glavni autor: Roses Alvarado, Carlos A.
Format: Disertacija
Izdano: San José :
Oznake: Dodaj oznaku
Bez oznaka, Budi prvi tko označuje ovaj zapis!

MARC

LEADER 00000 a a2200000 04500
001 17628
003
040 |a CRAI/IIS  |c CRAI/IIS 
090 |a EXTRAVIADO  
100 |a Roses Alvarado, Carlos A.  
245 |a El Cacao en la economía colonial de Costa Rica /  |c Carlos A. Roses Alvarado 
260 |a San José :  
300 |a 125 páginas  
502 |a Tesis (Licenciatura en Historia) -- Universidad de Costa Rica, 1975  
999 |c 17968  |d 17968